00306nam a2200109 a 4500008004100000050002100041100002600062245005400088260002400142300002100166350000900187120416s1969 ||||||||||||||||| || u aHF 5549.5.T7 Mar aMarkwell, Don Stanley10aOrganisation of management development programmes aLondonbGowerc1969 axv, 182p. : ill. a0.00